Intonational phonology /

Na minha lista:
Detalhes bibliográficos
Autor principal: Ladd, D. Robert, 1947-
Formato: Livro
Idioma:English
Publicado em: Cambridge ; New York : Cambridge University Press, 1996.
Assuntos:
Tags: Adicionar Tag
Sem tags, seja o primeiro a adicionar uma tag!
Thư viện lưu trữ: Mạng thư viện Đại học Đà Nẵng
LEADER 01003cam a2200373 i 4500
001 000045503
003 4686
005 20030227162949.0
008 010220|1996 vm 000 eng
020 |a 0521475759 (pbk.) 
040 |a IRC  |c IRC  |d IRC 
041 0 |a eng 
082 1 4 |a 414.6  |b LA-D 
100 1 |a Ladd, D. Robert,  |d 1947- 
245 0 0 |a Intonational phonology /  |c D. Robert Ladd. 
260 |a Cambridge ; New York :  |b Cambridge University Press,  |c 1996. 
300 |a xv, 334p. :  |b ill. 
630 0 4 |a Phonetics. 
630 0 4 |a Linguistics. 
630 0 4 |a Phonology. 
650 0 4 |a Grammar, comparative and general  |x Phonology. 
650 0 4 |a Intonation (Phonetics) 
650 0 4 |a Autosegmental theory (Linguistics) 
650 0 4 |a Metrical phonology. 
OWN |a DUT 
999 |a From the UDN01 
TYP |a Monograph 
TYP |a Printed language 
980 |a Mạng thư viện Đại học Đà Nẵng